| 000 | 00422nam a22001337a 4500 | ||
|---|---|---|---|
| 040 | _cNUST | ||
| 082 | _a220 PRO | ||
| 100 |
_aMuhammad Abdullah Azhar Aiza Naeem Rana Haiqa Ansar _9128205 |
||
| 110 |
_aProject Supervisor Dr. Mojeeb Bin Ihsan _9113280 |
||
| 245 | _aPR-SOF-2405-Class AB Microwave Power Amplifier | ||
| 260 |
_aISLAMABAD: _bNUST COLLEGE OF EME, _c2024. |
||
| 650 |
_aDE-ELECT-42 _9127847 |
||
| 942 |
_2ddc _cPR |
||
| 999 |
_c613254 _d613254 |
||